|
|
|
|
| LEADER |
00593nam a22001217a 4500 |
| 100 |
|
|
|a B. Suresh Kumar, D. Sobhanakumar, M. R. Sudarsana Kumar and K. Rajendra Babu
|9 18981
|
| 245 |
|
|
|a Growth and Characterization of Acetoacetanilide (AA) Single Crystals for NLO Devices
|
| 260 |
|
|
|b SCIENCE & SOCIETY Vol. 8 No. 2,
|c 2010
|
| 300 |
|
|
|a p.123-134
|b Vol. 8 No. 2 JULY-DECEMBER 2010
|
| 650 |
|
|
|a CRYSTAL GROWTH
|a NONLINEAR OPTICAL CRYSTALS
|a SECOND HARMONIC GENERATION
|a DIELECTRIC CONSTANT
|9 18982
|
| 942 |
|
|
|c JA
|
| 999 |
|
|
|c 73739
|d 73739
|
| 952 |
|
|
|0 0
|1 0
|4 0
|7 0
|9 65704
|a MGUL
|b MGUL
|d 2015-08-03
|l 0
|r 2015-08-03
|w 2015-08-03
|y JA
|